| 000 -CABECERA |
| campo de control de longitud fija |
00796nam a2200241 u 4500 |
| 001 - NÚMERO DE CONTROL |
| campo de control |
000060538 |
| 005 - FECHA Y HORA DE LA ÚLTIMA TRANSACCIÓN |
| campo de control |
20200120223903.0 |
| 008 - DATOS DE LONGITUD FIJA--INFORMACIÓN GENERAL |
| campo de control de longitud fija |
140319s1993 ck ar| 000 0 spa d |
| 020 ## - NÚMERO INTERNACIONAL ESTÁNDAR DEL LIBRO |
| Número Internacional Estándar del Libro |
8432206792. |
| 041 0# - CÓDIGO DE LENGUA |
| Código de lengua del texto/banda sonora o título independiente |
spa |
| 043 ## - CÓDIGO DE ÁREA GEOGRÁFICA |
| Código de área geográfica |
e-pe--- |
| 082 04 - NÚMERO DE LA CLASIFICACIÓN DECIMAL DEWEY |
| Número de clasificación |
928.61 |
| Número de documento/Ítem |
V17p |
| Número de edición |
21 |
| 100 1# - ENTRADA PRINCIPAL--NOMBRE DE PERSONA |
| Nombre de persona |
Vargas Llosa, Mario, |
| Fechas asociadas al nombre |
1936- |
| 245 13 - MENCIÓN DE TÍTULO |
| Título |
El pez en el agua : |
| Resto del título |
memorias / |
| Mención de responsabilidad, etc. |
Mario Vargas Llosa. |
| 260 ## - PUBLICACIÓN, DISTRIBUCIÓN, ETC. |
| Lugar de publicación, distribución, etc. |
Barcelona : |
| Nombre del editor, distribuidor, etc. |
Editorial Seix Barral, |
| Fecha de publicación, distribución, etc. |
1993. |
| 300 ## - DESCRIPCIÓN FÍSICA |
| Extensión |
541 p. ; |
| Dimensiones |
23 cm. |
| 490 0# - MENCIÓN DE SERIE |
| Mención de serie |
Biblioteca breve |
| 600 14 - PUNTO DE ACCESO ADICIONAL DE MATERIA--NOMBRE DE PERSONA |
| Nombre de persona |
Vargas Llosa, Mario, |
| Fechas asociadas al nombre |
1936- |
| Subdivisión de forma |
Autobiografías. |
| 600 14 - PUNTO DE ACCESO ADICIONAL DE MATERIA--NOMBRE DE PERSONA |
| Nombre de persona |
Vargas Llosa, Mario, |
| Fechas asociadas al nombre |
1936- |
| Subdivisión general |
Vida escolar |
| 600 14 - PUNTO DE ACCESO ADICIONAL DE MATERIA--NOMBRE DE PERSONA |
| Nombre de persona |
Vargas Llosa, Mario, |
| Fechas asociadas al nombre |
1936- |
| Subdivisión general |
Compañeros y amigos |
| 600 14 - PUNTO DE ACCESO ADICIONAL DE MATERIA--NOMBRE DE PERSONA |
| Nombre de persona |
Vargas Llosa, Mario, |
| Fechas asociadas al nombre |
1936- |
| Subdivisión general |
Anecdotas |
| 650 17 - PUNTO DE ACCESO ADICIONAL DE MATERIA--TÉRMINO DE MATERIA |
| Término de materia o nombre geográfico como elemento de entrada |
Ecritores peruanos |
| Subdivisión de forma |
Biografías |
| Fuente del encabezamiento o término |
LEMB. |
| 952 ## - LOCALIZACIÓN E INFORMACIÓN DEL ÍTEM/UNIDAD FÍSICA (KOHA) |
| -- |
Perdido |